00437nam a22001457a 4500003000400000008004100004020001900045082001500064100006000079245006100139250000900200260002200209300001000231650005000241OSt200715b ||||| |||| 00| 0 eng d a9789351641773. a660.283JAP a Jain, Suresh & Saini, Vipin and Trivedi,Naitikumar D.  aPractical Book on Calibration of Analytical Instruments  a2019 aNew DelhibNirali aPg-42 aPharmaceutical Analysis and Quality Assurance